000 00324 a2200157 4500
001 64081
020 _a9788581050164
040 _cAnchieta - Pituba
100 _aRuiz Zafón, Carlos
240 1 0 _aMarina
_lpor
245 1 0 _aMarina
300 _a189p.
362 0 _a2011
650 4 _aFicção espanhola
942 _cBK
999 _c64081
_d64081